000
00203 a2200097 4500
001
4311
100
_a
Williams,G.E
245
_a
Electrical engineering
260
_a
_b
Heinemann
_c
090
_c
3527
_d
3527
942
_a
NUST-CAE
_c
M
_c
28080
999
_c
239384
_d
239384